1708 1453 1374 1177 1116 1706 1888 1468 1338 1800 1068 1009 1185 1459 1916 1906 1475 1132 1175 1373 1824 1836 1154 1143 1860 1032 1083 1494 1284 1138 1524 1823 1403 1848 1264 1870 1300 1800 1008 1947 1887 1798 1020 1238 1245 1505 1420 1769 1281 1401 1838 1634 1976 1592 1376 1853 1518 1232 1943 1844 1847 1958 1675 1089 1342 1502 1761 1317 1570 1720 1448 1208 1222 1504 1911 1353 1697 1023 1036 1328 1604 1559 1968 1099 1785 1483 1391 1198 1132 1780 1050 1801 1443 1118 1938 1859 1277 1905 1293 BCNSPRNW ULIB Ver.6.0+V

เปลี่ยนเป็นภาษาไทย

Change to English
 แสดงรายละเอียดบรรณานุกรม
  กลับหน้าหลัก

Brief Record : Get Marc (ISO 2709) : E-mail record : QR code < ปิดหน้าต่าง
LEADER : 00000nam 2200000uu 4500
001    13399112121
003     ULIB
008    110727s2547||||th 000 0 tha d
020    9742762295
050 04 HM66^bบ174ส 2547
100 0  บรรเทิง พาพิจิตร
245 10 สังคมวิทยา /^cบรรเทิง พาพิจิตร
250    พิมพ์ครั้งที่ 1
260    กรุงเทพฯ :^bโอเดียนสโตร์,^c2547
300    278 หน้า ;^c24 ซม
505 2  สังคมวิทยา : สังคมคืออะไร ; ทฤษฎีสัญญาสังคม ;วิวัฒนาการของสังคมมนุษย์ ; ชนชั้นทางสังคม ; การแบ่งช่วงชั้นทางสังคม -- กลุ่มทางสังคม : ประเภทของกลุ่มสังคม ; ชนิดของกลุ่มสังคม -- สถาบันสังคม: สถาบันครอบครัว ; ลักษณะของครอบครัวไทย -- สถาบันครอบครัวและการสมรส : ความหมายของคำว่า "ครอบครัว" ; การจำแนกหน้าที่ของครอบครัว ; ข้อบกพร่องร่วมกันของระบบครอบครัว ; ปัญหาความไม่เป็นระเบียบในครอบครัว -- สถาบันการศึกษา : หน้าที่ของสถาบันการศึกษา ; หัวใจของสำหรับนักศึกษา 4 ประการ ; ลักษณะครูดี 7 ประการ ; ลักษณะครูอาจารย์ที่ดี 25 ประการ -- สถาบันการเมืองและการปกครอง : หน้าที่ของสถาบันการเมืองและการปกครอง; รูปแบบของการปกครองหรือรัฐบาล ; คุณสมบัติของผู้นำ -- สถาบันเศรษฐกิจและอุตสาหกรรม : ปัจจัยในการผลิต ; หน้าที่ของสถาบันทางเศรษฐกิจ -- สถาบันศาสนา : องค์ประกอบของศาสนา ;มูลเหตุการเกิดศาสนา ; บทบาทของศาสนาต่อสังคม -- สถาบันวัฒนธรรม : ความหมายของคำว่า "วัฒนธรรม" ; ความสัมพนธ์ระหว่างวัฒนธรรมกับอารยธรรม ; ลักษณะนิสัยทางวัฒนธรรมของชาติไทย -- สถาบันวิทยาศาสตร์และเทคโนโลยี :อิทธิพลของวิทยาศาสตร์และเทคโนโลยี ; ประโยชน์ของวิทยาศาสตร์และเทคโนโลยี -- การเปลี่ยนแปลงทางสังคม : ปัจจัยของการเปลี่ยนแปลงทางสังคม ; สาเหตุของการเปลียนแปลงทางสังคม ;รูปแบบของการเปลี่ยนแปลงทางสังคม ; ผลของการเปลี่ยนแปลงทางสังคม ; ทฤษฎีการเปลี่ยนแปลงทางสังคม ; แนวโน้มกระบวนการเปลี่ยนแปลงทางสังคมที่สำคัญในปัจจุบัน -- การควบคุมสังคม ; ยุทธวิธีของการควบคุมสังคม ; ความหมายของบรรทัดฐาน ; ความสำคัญของบรรทัดฐาน ; ประเภทของบรรทัดฐาน -- สถาบันนันทนาการ: ประเภทของนันทนาการ ; กิจกรรมทางนันทนาการ ; ประโยชน์ของนันทนาการ -- ปัญหาสังคมไทย : ปัญหาครอบครัว ; ปัญหาการว่างงาน ; ปัญหามลพิษ -- ศาสนากับการแก้ปัญหาสังคม
650  7 สังคมวิทยา
650  7 สถาบันสังคม
945    ^p180^l0^i022435
945    ^p180^l0^i022436
945    ^p180^l0^i022437
995    ทศพร
999 ^a ทศพร
รายการนี้ยังไม่มีแท็ก
คุณยังไม่ได้ล็อกอิน คุณสามารถมีกิจกรรมร่วมกับเว็บไซต์ได้ แต่ต้องล็อกอินก่อน ::
  ล็อกอิน

รายการสื่อสารสนเทศ

ลำดับที่ ประเภท เลขเรียก/บาร์โค้ด สถานที่ สถานะ
- ไม่พบข้อมูล -

รายการใกล้เคียง
    ผู้แต่ง [บรรเทิง พาพิจิตร]

    หัวเรื่อง [สังคมวิทยา]
    หัวเรื่อง [สถาบันสังคม]

BibComment


ยังไม่เคยถูกคอมเมนท์

คอมเมนท์ทรัพยากรรายการนี้
  คอมเมนท์: สังคมวิทยา บรรเท..


 Copyright 2026. Bcnsprnw @Library